Normale Ansicht MARC-Ansicht ISBD

Builders and deserters : (Titelsatznr. 6169)

[ MARC ]
MARC-Details
000 -Satzkennung
Kontrollfeld mit fester Länge 00635nam a22002051c 4500
001 - Kontrollnummer
Kontrollfeld 00175233284
008 - Feld mit fester Länge zur physischen Beschreibung - Allgemeine Angaben
Kontrollfeld mit fester Länge 050919s1999 gw |||| 000u eng d
020 ## - Internationale Standardbuchnummer
Internationale Standardbuchnummer 0773518819
Verknüpfung 0-7735-1881-9
041 ## - Sprachcode
Sprachcode des Textes/der Tonspur oder des separaten Titels eng
040 ## - Katalogisierungsquelle
Übertragungsstelle RU-10907106
003 - Kontrollnummer Identifier
Kontrollfeld RU-10907106
100 1# - Haupteintragung - Personenname
Personenname Konecny, Peter
245 00 - Titel
Titel Builders and deserters :
Zusatz zum Titel students, state, and community in Leningrad, 1917 - 1941 /
Verfasserangabe etc. Peter Konecny
264 ## - Produktion, Veröffentlichung, Distribution, Herstellung und Urheberrechtsvermerk
Herstellungs-, Veröffentlichungs- Vertriebs-, Erzeugungsort Montreal [u.a.] :
Produzent, Herausgeber, Distributor, Hersteller McGill-Queen's Univ. Press,
Datum der Herstellung, der Veröffentlichung, des Vertriebs oder des Urheberschutzvermerks 1999
300 ## - Physische Beschreibung
Umfang XIII, 358 S.
650 #0 - Nebeneintragung unter einem Schlagwort - Sachschlagwort
Sachschlagwort oder geografischer Name als Eintragungselement Studenten, sowj. <1917-1941>
650 #0 - Nebeneintragung unter einem Schlagwort - Sachschlagwort
Sachschlagwort oder geografischer Name als Eintragungselement Leningrad <1917-1941>
650 #0 - Nebeneintragung unter einem Schlagwort - Sachschlagwort
Sachschlagwort oder geografischer Name als Eintragungselement Bildungspolitik <1917-1941>
942 ## - Zusätzliche Felder (Koha)
Koha-Medientyp Monographien
Exemplare
Ausgeschieden Verloren Klassifikation oder Aufstellungssystematik Beschädigt Nicht entleihbar Heimatbibliothek Aufenthaltsbibliothek Aufstellungsort Erwerbungsdatum Inventarnummer Signatur Barcode Letzte Aktivität Preis gültig von Koha-Medientyp
    Andere/Generische Klassifikation     MWN Osteuropa MWN Osteuropa Magazin - 2 19/09/2005 06-00538 R 62 f Kon E004015079084E3D 22/02/2021 22/03/2021 Monographien